<?xml version="1.0" encoding="UTF-8"?>
<record
    xmlns:xsi="http://www.w3.org/2001/XMLSchema-instance"
    xsi:schemaLocation="http://www.loc.gov/MARC21/slim http://www.loc.gov/standards/marcxml/schema/MARC21slim.xsd"
    xmlns="http://www.loc.gov/MARC21/slim">

  <leader>00482nam a2200169Ia 4500</leader>
  <controlfield tag="008">230718s9999    xx            000 0 und d</controlfield>
  <datafield tag="041" ind1=" " ind2=" ">
    <subfield code="a">eng</subfield>
  </datafield>
  <datafield tag="082" ind1=" " ind2=" ">
    <subfield code="a">621.37</subfield>
    <subfield code="b">MEH</subfield>
  </datafield>
  <datafield tag="100" ind1=" " ind2=" ">
    <subfield code="a">Mehta V.K.</subfield>
  </datafield>
  <datafield tag="245" ind1=" " ind2=" ">
    <subfield code="a">Basic Electrical Engineering</subfield>
    <subfield code="b">For B.E./B.Tech. And Other Engineering Examinations</subfield>
  </datafield>
  <datafield tag="250" ind1=" " ind2=" ">
    <subfield code="a">5th ed.</subfield>
  </datafield>
  <datafield tag="260" ind1=" " ind2=" ">
    <subfield code="b">S. Chand &amp; Company Ltd.</subfield>
  </datafield>
  <datafield tag="300" ind1=" " ind2=" ">
    <subfield code="a">903</subfield>
  </datafield>
  <datafield tag="365" ind1=" " ind2=" ">
    <subfield code="c">Rs.</subfield>
    <subfield code="b">350.00</subfield>
  </datafield>
  <datafield tag="700" ind1=" " ind2=" ">
    <subfield code="a">Mehta V.K. &amp; Mehta. R.</subfield>
  </datafield>
  <datafield tag="906" ind1=" " ind2=" ">
    <subfield code="d">B:451320-Aug-2008</subfield>
    <subfield code="c">ALLEDS</subfield>
    <subfield code="b">52.5</subfield>
  </datafield>
  <datafield tag="999" ind1=" " ind2=" ">
    <subfield code="c">319207</subfield>
    <subfield code="d">319207</subfield>
  </datafield>
  <datafield tag="952" ind1=" " ind2=" ">
    <subfield code="0">0</subfield>
    <subfield code="1">0</subfield>
    <subfield code="4">0</subfield>
    <subfield code="7">0</subfield>
    <subfield code="a">CCEP</subfield>
    <subfield code="b">CCEP</subfield>
    <subfield code="d">2008-08-22</subfield>
    <subfield code="e">Varma Book Distributors</subfield>
    <subfield code="f">ALLEDS</subfield>
    <subfield code="g">297.50</subfield>
    <subfield code="i">4513</subfield>
    <subfield code="l">10</subfield>
    <subfield code="o">621.37</subfield>
    <subfield code="p">CCEP-BK-30414</subfield>
    <subfield code="r">2026-01-20 07:26:56</subfield>
    <subfield code="s">2025-12-23</subfield>
    <subfield code="t">52.5</subfield>
    <subfield code="v">350.00</subfield>
    <subfield code="w">2008-08-20</subfield>
    <subfield code="y">BK</subfield>
    <subfield code="z">030414</subfield>
  </datafield>
</record>
